समकालीन हिंदी कविता / (Record no. 112995)

MARC details
000 -LEADER
fixed length control field 01171nam a22002657a 4500
005 - DATE AND TIME OF LATEST TRANSACTION
control field 20170124102946.0
010 ## - LIBRARY OF CONGRESS CONTROL NUMBER
LC control number A-458576
020 ## - INTERNATIONAL STANDARD BOOK NUMBER
Terms of availability 60.00
035 ## - SYSTEM CONTROL NUMBER
System control number A-458576
037 ## - SOURCE OF ACQUISITION
Source of stock number/acquisition Cen Lib/Ret
040 ## - CATALOGING SOURCE
Original cataloging agency DPL
Language of cataloging HN
082 ## - DEWEY DECIMAL CLASSIFICATION NUMBER
Classification number 821
Item number समका
245 ## - TITLE STATEMENT
Title समकालीन हिंदी कविता /
Statement of responsibility, etc संपादक परमानद श्रीवास्तव
246 ## - VARYING FORM OF TITLE
Title proper/short title Samkaleen Hindi kavita /
Remainder of title sampadak Permanad Shreevastava
260 ## - PUBLICATION, DISTRIBUTION, ETC. (IMPRINT)
Place of publication, distribution, etc नयी दिल्ली
Name of publisher, distributor, etc साहित्य अकेडमी
Date of publication, distribution, etc 1990
270 ## - ADDRESS
City नयी दिल्ली
Address रविन्द्र भवन,३५, फेरोज्शः मार्ग
Postal code 110001
300 ## - PHYSICAL DESCRIPTION
Extent 267पृ.
Dimensions १९से मी(सजिल्द )
500 ## - GENERAL NOTE
General note परिशिष्ट शामिल
650 ## - SUBJECT ADDED ENTRY--TOPICAL TERM
Topical term or geographic name as entry element हिंदी साहित्य
General subdivision
Geographic subdivision
9 (RLIN) 50115
650 ## - SUBJECT ADDED ENTRY--TOPICAL TERM
Topical term or geographic name as entry element हिंदी काव्य
9 (RLIN) 50116
650 ## - SUBJECT ADDED ENTRY--TOPICAL TERM
Topical term or geographic name as entry element Hindi literature
9 (RLIN) 50117
650 ## - SUBJECT ADDED ENTRY--TOPICAL TERM
Topical term or geographic name as entry element Hindi poetry
9 (RLIN) 50118
700 ## - ADDED ENTRY--PERSONAL NAME
Personal name श्रीवास्तव, परमानंद
9 (RLIN) 44612
942 ## - ADDED ENTRY ELEMENTS (KOHA)
Source of classification or shelving scheme Dewey Decimal Classification
Koha item type Hindi Books
Classification part 821
Call number suffix समका
Holdings
Withdrawn status Lost status Damaged status Not for loan Home library Current library Date acquired Source of acquisition Cost, normal purchase price Total Checkouts Full call number Barcode Date last seen Copy number Cost, replacement price Price effective from Koha item type
        Central Library Central Library 11/08/2015 Cen Lib/Ret 60.00   821 समका A-458576 11/08/2015 1 60.00 11/08/2015 Hindi Books

© Delhi Public Library
Hit Counter
free hit counter